000 00798cam a22002893a 4500
001 24517
003 PGUSA
005 20140828083526.0
008 080204s2008||||xxu|||||s|||||000 1 eng d
040 _aPGUSA
_beng
042 _adc
050 4 _aPS
100 1 _aBaily, Peter
245 1 0 _aAccidental Death
_h[electronic resource] /
_cPeter Baily
260 _bProject Gutenberg,
_c2008
506 _aPublic domain in the USA.
516 _aElectronic text
653 _aSpace flight -- Fiction
653 _aShort stories
653 _aLuck -- Fiction
653 _aHuman-alien encounters -- Fiction
653 _aScience fiction
700 1 _aSchoenherr, John,
_d1935-2010
830 0 _aProject Gutenberg
_v24517
856 4 0 _uhttp://www.gutenberg.org/ebooks/24517
942 _cEB
999 _c253772
_d253772